000
00317nam a22001097a 4500
999
_c
534778
_d
534778
082
_a
297.7
100
_a
Kandhalvi, Muhammad Zakariyya
245
_a
Fazail-e-Amaal /
_c
Muhammad Zakariyya Kandhalvi
260
_a
Lahore :
_b
Kutab Khana Faizi.
942
_2
ddc
_c
BK